[Event "EWCCC Online Final 2020"]
[Site "Online"]
[Date "2020.12.21"]
[Round "5.2"]
[White "Muzychuk, Mariya"]
[Black "Sebag, Marie"]
[Result "0-1"]
[WhiteElo "2544"]
[BlackElo "2438"]
[Annotator "TA"]
[PlyCount "64"]
[EventDate "2020.12.19"]
[EventType "team-tourn"]
[EventCountry "NET"]
[SourceTitle "playchess.com"]
[Source "ChessBase"]
[SourceQuality "1"]

{[%evp 19,64,15,11,4,5,0,-10,-13,-11,-6,0,0,0,0,3,2,3,3,1,2,2,0,0,0,0,-188,-195,-299,-281,-297,-287,-485,-483,-853,-860,-835,-838,-833,-819,-1075,-1037,-1018,-999,-29979,-29980,-6406,-952]} 1. e4 c5 2. c3 Nf6 3. e5 Nd5 4. d4 cxd4 5. Nf3 Nc6 6. Bc4 e6 7. cxd4 d6 8. O-O Be7 9. Qe2 O-O 10. Rd1 Na5 11. Bd3 {B22: Sicilian: 2 c3.} Nb4 12. Nc3 {is now more promising than 12.exd6.} Nxd3 13. Rxd3 {The position is equal.} b6 14. b4 Nc4 {[#]} 15. Nd2 $146 ({Predecessor:} 15. d5 Qe8 16. Qe4 Nxe5 17. Nxe5 f5 18. Qc4 dxe5 19. Bb2 Bf6 20. f3 Bd7 21. Re1 {0-1 (41) Gaponenko,I (2390)-Dubovyk,A (1971) Kherson 2020}) 15... Nxd2 16. Bxd2 f5 17. d5 dxe5 $1 {White must now prevent ...e4.} 18. dxe6 Qe8 $1 19. Qxe5 {Hoping for Nd5.} Bf6 20. Qg3 {Re1 is the strong threat.} Bxe6 21. Re1 {aiming for Rd6.} Qf7 22. Bg5 $2 {[#]} (22. Nb5 $11 {and White is okay.}) 22... f4 $1 $19 {[%cal Rf4g3]} 23. Qh4 {[#]} (23. Bxf4 $142 Bc4 24. Ne4) 23... Qg6 $1 24. Ne4 {White wants to play Bxf6.} Bf5 25. Qxf4 $2 (25. Nxf6+ gxf6 26. Bh6 Bxd3 27. Bxf8 Rxf8 28. Qxf4) 25... Bxg5 26. Nxg5 (26. Qe5 $142 Rfe8 27. Qd5+ Kh8 28. f3) 26... Bxd3 27. Qg3 Rae8 {[%cal Re8e1]} 28. Rd1 h6 29. h4 hxg5 30. Rxd3 Re4 31. Rd5 Rxh4 32. Qb3 Qf7 {Weighted Error Value: White=1.04/Black=0.02} 0-1

[Event "EWCCC Online Final 2020"]
[Site "Online"]
[Date "2020.12.21"]
[Round "5.2"]
[White "Gunina, Valentina"]
[Black "Muzychuk, Anna"]
[Result "1-0"]
[WhiteElo "2451"]
[BlackElo "2535"]
[Annotator "TA"]
[PlyCount "81"]
[EventDate "2020.12.19"]
[EventType "team-tourn"]
[EventCountry "NET"]
[SourceTitle "playchess.com"]
[Source "ChessBase"]
[SourceQuality "1"]

{[%evp 22,81,27,31,32,33,46,48,38,38,33,23,52,47,50,87,89,0,0,0,-6,0,-9,-12,-10,-78,-10,-186,-92,-81,-69,-60,-56,-66,-40,-80,-47,-56,-42,-82,-16,-45,-33,-33,-16,-171,-64,-60,0,0,3,6,443,0,439,430,416,171,707,745,29990,29991]} 1. d4 Nf6 2. c4 e6 3. Nf3 b6 4. g3 Ba6 5. b3 Bb4+ 6. Bd2 Be7 7. Bg2 c6 8. Bc3 d5 9. Nbd2 Nbd7 10. O-O O-O 11. Re1 Rc8 12. e4 c5 {E15: Queen's Indian: 4 g3 sidelines, 4 g3 Ba6 and 4 g3 Bb7 early deviations.} 13. e5 Ne8 14. cxd5 exd5 {[#] White is slightly better.} 15. Rc1 $146 ({Predecessor:} 15. Nf1 cxd4 16. Bxd4 Nc7 17. a3 Nc5 18. b4 Ne4 19. N3d2 Ne6 20. Nxe4 dxe4 21. Bb2 {½-½ (43) Klekowski,M (2439)-Zubov,A (2603) Cappelle-la-Grande 2016}) 15... Nc7 16. Nf1 Ne6 17. Ne3 cxd4 18. Nxd4 Ndc5 19. Bf1 ({Don't play} 19. Nxd5 $6 Nd3 $11) (19. Bxd5 $16 Nxd4 20. Bxd4 (20. Qxd4 Nd3 $15)) 19... Bxf1 $11 20. Rxf1 Ne4 21. Bb2 {[#] Strongly threatening Nc6.} Rxc1 22. Qxc1 Bc5 23. Rd1 (23. Nef5 $11) 23... Qg5 (23... N6g5 $17 24. f4 Nh3+ 25. Kg2 Nhf2) 24. Nec2 $2 {[#]} (24. Qc2 $11) 24... Qxe5 (24... Qg4 $1 $19 {Hoping for ...N4g5.} 25. Ne3 Qh5) 25. b4 $17 Nxd4 26. Bxd4 Bxd4 27. Nxd4 h6 28. Qe3 Qf6 29. b5 Re8 30. Nc6 a6 (30... Qb2 $17 31. Rxd5 Qxa2) 31. a4 axb5 32. axb5 Qc3 33. Rd3 $2 (33. Rxd5 $11 {and White stays safe.} Qxe3 34. fxe3) 33... Qa1+ (33... Qc4 $19 34. Nd4 Nd6) 34. Kg2 $15 Re6 (34... Nf6 $1 $15 35. Ra3 Qb2) 35. Rxd5 $11 {Threatens to win with Rd8+.} Nc5 36. Qf4 {aiming for Rd8+.} Rf6 $2 {[%mdl 8192]} (36... Qe1 $11) 37. Qb8+ $40 {[%mdl 128] White is up to no good.} Kh7 38. Ne7 {[%csl Ge7][%cal Rb8g8]} Rxf2+ 39. Kxf2 {[%csl Ge7][%cal Rb8g8]} Qb2+ $2 (39... Ne4+ 40. Ke2 Qb2+ 41. Kf3 Nf6) 40. Kf3 $18 {[%csl Ge7][%cal Rb8g8]} Qb3+ 41. Kg2 {Weighted Error Value: White=0.60/Black=0.73} 1-0

[Event "EWCCC Online Final 2020"]
[Site "Online"]
[Date "2020.12.21"]
[Round "5.2"]
[White "Buksa, Nataliya"]
[Black "Maltsevskaya, Aleksandra"]
[Result "1-0"]
[WhiteElo "2413"]
[BlackElo "2311"]
[Annotator "TA"]
[PlyCount "97"]
[EventDate "2020.12.19"]
[EventType "team-tourn"]
[EventCountry "NET"]
[SourceTitle "playchess.com"]
[Source "ChessBase"]
[SourceQuality "1"]

{[%evp 13,97,38,39,8,35,40,43,24,50,52,40,41,83,72,76,42,143,144,204,152,175,100,92,59,108,97,152,151,146,160,158,159,294,303,300,147,391,281,267,246,445,441,407,186,325,95,93,108,100,95,100,45,89,79,69,60,71,82,67,72,64,46,45,21,21,5,86,99,235,165,359,368,362,331,639,390,1031,997,1468,1406,2550,2406,29981,29980,12845,12846]} 1. e4 c5 2. c3 g6 3. d4 cxd4 4. cxd4 d5 5. e5 Nc6 6. Nc3 Bg7 7. Bb5 Nh6 8. Nf3 {B22: Sicilian: 2 c3.} O-O 9. h3 f6 {[%cal Rf6e5]} 10. exf6 {White is slightly better.} exf6 11. O-O Be6 12. Bf4 {[#]} Nf7 $146 ({Predecessor:} 12... Nf5 13. Re1 Bf7 {½-½ (13) Raetsky,A (2385)-Gaehwiler,G (2416) Graechen 2017}) 13. Re1 Re8 14. Na4 Qa5 (14... Nd6 $14 15. Bxd6 Qxd6) 15. Qb3 $1 $16 Bd7 (15... Bf8 $16) 16. Bd2 (16. Qxd5 $6 Nxd4 17. Rxe8+ Rxe8 $16) 16... Rxe1+ 17. Bxe1 (17. Rxe1 $18 Qc7 18. Qxd5) 17... Qc7 18. Nc5 Be8 19. Qxd5 Qd6 ({Black should try} 19... Ne7 20. Qb3 Bxb5 21. Qxb5 b6) 20. Bc4 {Threatens to win with Qxd6.} Qxd5 21. Bxd5 Rd8 22. Bb3 Nxd4 (22... b6 $16) 23. Nxd4 $18 ({Less strong is} 23. Nxb7 Nxf3+ 24. gxf3 Rb8 $14) 23... Rxd4 24. Nxb7 (24. Bc3 $18 {is more deadly.} Rd8 25. Re1) 24... f5 $2 (24... Bf8 $16 25. Bc3 Rd7) 25. Nc5 Rd6 26. Bb4 Bxb2 $2 (26... Bf8 27. Ne6 Rxe6) 27. Re1 Rd8 28. Ne6 (28. Nb7 $142 Rb8 29. Nd6) 28... Rc8 {[#]} (28... Rb8 {was worth a try.}) 29. Ng5 $2 (29. Nc7 $1 $18 {[%cal Rc7e8][%mdl 512] is the precise move to win.} Ba4 (29... Rxc7 30. Rxe8+) 30. Nd5 (30. Bxa4 Rxc7 31. Re8+ Kg7 $16) 30... Bxb3 31. Ne7+ {[%mdl 64] Double Attack} (31. axb3 Kg7 $11) 31... Kg7 32. Nxc8) 29... Rc1 $16 30. Rxc1 Bxc1 {[#]} 31. Ne6 $1 Bb2 32. a4 (32. f4 $16) 32... Be5 33. a5 Bd6 34. Bc3 Ne5 35. f4 Nc6 36. Ng5+ Kf8 37. Bf6 {[%cal Rg5h7]} Bd7 38. Nxh7+ Ke8 39. Ng5 Bc8 (39... Kf8 $11) 40. Bf7+ Kd7 (40... Kf8 $16) 41. Bxg6 Kc7 $2 (41... Ne7) 42. g3 $18 Nxa5 43. h4 Nc6 $2 (43... Bc5+ 44. Kg2 Nc4) 44. h5 {aiming for h6.} Ne7 $2 (44... Bf8 45. Nh7 Bc5+ 46. Kh2 Be6) 45. Bf7 Bc5+ 46. Kh2 Nc6 47. h6 Bd4 48. Bxd4 Nxd4 49. h7 {Weighted Error Value: White=0.42/Black=0.75} 1-0

[Event "EWCCC Online Final 2020"]
[Site "Online"]
[Date "2020.12.21"]
[Round "5.2"]
[White "Salimova, Nurgyul"]
[Black "Osmak, Iulija"]
[Result "1-0"]
[WhiteElo "2397"]
[BlackElo "2438"]
[Annotator "TA"]
[PlyCount "185"]
[EventDate "2020.12.19"]
[EventType "team-tourn"]
[EventCountry "NET"]
[SourceTitle "playchess.com"]
[Source "ChessBase"]
[SourceQuality "1"]

{[%evp 13,185,-8,8,-7,-6,-1,0,0,30,11,15,17,14,-14,-17,-31,-41,-43,-23,-39,-23,-32,-32,-31,-39,-43,-32,-24,-10,-51,-16,-23,0,-50,0,-19,0,0,0,0,0,-127,-104,-107,-124,-114,-106,-150,-93,-314,-305,-387,-388,-412,0,0,56,72,77,22,164,168,148,164,146,146,139,41,134,46,66,61,85,79,95,95,189,201,219,220,309,304,406,335,325,256,251,145,144,139,483,455,757,539,539,539,539,539,675,501,5381,5365,6087,5381,29966,29969,29983,29984,29984,29985,29985,29985,29985,29986,29988,29980,29977,0,29956,29965,29958,362,350,0,29963,29960,29963,167,169,225,10596,4308,29979,29980,29980,29965,29974,29975,29977,29976,29976,29974,29958,5081,1210,0,5093,8,8,8,29984,29985,29985,0,0,0,0,0,29987,29975,29975,29976,29975,3687,843,419,0,0,29985,29986,29987,29988,29988,29989]} 1. d4 e6 2. Nf3 Nf6 3. g3 d5 4. c4 Bb4+ 5. Bd2 Be7 6. Bg2 O-O 7. O-O Nbd7 8. Nc3 {E11: Bogo-Indian.} dxc4 9. e4 c6 10. a4 {The position is equal.} a5 (10... e5 $5) 11. Bf4 Bb4 {[#]} 12. Qe2 $146 ({Predecessor:} 12. Qc2 b6 13. Rfd1 Ba6 14. Ng5 h6 15. Nf3 Re8 16. h4 Qc8 17. Bh3 Qb7 18. e5 Nd5 19. Nxd5 exd5 {1-0 (97) Hungaski,R (2488)-Salinas Herrera,P (2464) Buenos Aires 2017}) 12... b6 13. Rfe1 Ba6 14. Qc2 Re8 15. Rad1 Rc8 16. h4 Qe7 17. e5 Nd5 18. Ng5 Nf8 $1 19. Bd2 Qd7 20. Nce4 h6 21. Nh3 (21. Nf3 {looks sharper.} Qe7 22. Bf1 b5 23. Bxb4 Nxb4 24. Qc3) 21... Be7 22. Bf1 Nb4 23. Bxb4 Bxb4 24. Re3 $1 b5 25. Nf4 Red8 $36 {[%mdl 2048] Black has some pressure.} 26. Nh5 Be7 27. Nef6+ (27. Qe2 $1 $11 {remains equal.}) 27... gxf6 $17 28. exf6 Bb4 29. Re4 Ng6 {White must now prevent ...Bf8.} 30. Rg4 Kh8 $1 {And now ...Bf8 would win.} 31. Qc1 $2 (31. Bh3 $17) 31... Bf8 $19 32. Ng7 Bxg7 33. fxg7+ Kxg7 $2 (33... Kh7 $1 $19 {Threatens to win with ...f5.} 34. Re4 Kxg7) 34. h5 $1 $11 {[%mdl 64] Pin} Qd5 (34... c5 $11) 35. hxg6 $14 fxg6 36. Bg2 ({Better is} 36. Re1 $1 $16) 36... Qf5 (36... Qh5 $11 37. Re4 Rd6) 37. Rf4 $18 {[%mdl 1024] White has strong compensation.} Qg5 38. Re1 $1 {[%cal Re1e6]} Rd6 39. Re5 $1 {[%cal Re5g5]} Qe7 40. Rh4 (40. axb5 $6 cxb5 41. Qe3 Rcd8 $14) (40. Qe3 $16) 40... Rh8 (40... g5 $14 41. Rhe4 Rf8) 41. Qe1 (41. Qe3 $16) 41... Bc8 42. Qxa5 bxa4 43. Qxa4 Bd7 44. Qxc4 Qf6 (44... Rf8 $16 {is a better defense.}) 45. Rf4 Qd8 46. Qc5 Be8 (46... Qe7 $142 47. Re3 Rd8) 47. Re3 Qe7 48. Qe5+ Kh7 49. Rf6 Rf8 50. Rxe6 (50. Rxf8 $18 Qxf8 51. Rf3) 50... Rxe6 $16 51. Qxe6 Qg7 $2 {[%mdl 8192]} (51... Qxe6 $16 52. Rxe6 Kg7) 52. Qd6 $18 Bf7 (52... Bd7 $142 53. Re7 Rf7 54. Rxf7 Qxf7 55. Bxc6 Bxc6) 53. Re7 Re8 {Black hopes to continue with ...Qf8.} 54. Bxc6 Rxe7 55. Qxe7 {d5 is the strong threat.} Kg8 56. Be8 Bxe8 (56... Bb3 $142 57. Qe4 Qf6 58. Bxg6 Qe6 59. Qxe6+ Bxe6) 57. Qxe8+ {[%mdl 4096] Endgame KQ-KQ} Kh7 58. Qe5 Qb7 59. d5 Qb3 60. d6 Qd1+ 61. Kg2 h5 62. b4 h4 63. Qe7+ {[%mdl 64] Double Attack} Kg8 64. Qe8+ Kg7 65. Qe5+ Kh7 $1 66. gxh4 Qg4+ 67. Kf1 $2 (67. Kh1 Qh3+ 68. Kg1 Qg4+ 69. Qg3 Qd1+ 70. Kh2 Qd5 71. Qf4 Kg7 72. f3) 67... Qd1+ 68. Kg2 Qg4+ 69. Qg3 Qxb4 70. Kh2 $2 (70. h5 Qe4+ 71. Qf3 Qe6 72. hxg6+ Qxg6+ 73. Qg3 Qf6 74. Qd3+ Kh8 75. Qh3+ Kg8 76. d7) 70... Qd2 71. Kh3 Qd5 $2 (71... Qd4 72. Qa3 Kg7) 72. Qf4 Qd3+ 73. Kh2 Qd5 74. Kg3 Qd3+ 75. f3 Qd5 76. Qf6 Qd1 77. Qe7+ Kh6 78. Qg5+ (78. d7 Qg1+ 79. Kf4 (79. Kh3 Qf1+ 80. Kg4 Qg1+ 81. Kf4 Qd4+ 82. Kg3 Qg1+ 83. Kh3 Qf1+ 84. Kg3 Qg1+ $16) 79... Qd4+ 80. Kg3 Qg1+ 81. Kf4 (81. Kh3 Qf1+ 82. Kg4 Qg1+ 83. Kf4 Qd4+ 84. Kg3 Qg1+ $14) 81... Qd4+ 82. Kg3 Qg1+ $14) (78. Qf8+ $142 Kh7 79. Qf6 Qg1+ 80. Kf4 Qc1+ 81. Ke5 Qe3+ 82. Kd5 Qb3+ 83. Kc6 Qa4+ 84. Kc7) 78... Kh7 79. Qe7+ (79. Qf6 $142 Qe1+ 80. Kf4) 79... Kh6 $1 {If only Black now had time for ...Qg1+....} 80. d7 $2 ({Only move:} 80. Qf8+ $18 Kh7 81. Qf6) 80... Qg1+ $11 81. Kf4 {Threatening mate with Qg5+.} Qh2+ $2 {[%mdl 8192]} (81... Qd4+ $11 82. Qe4 (82. Kg3 Qg1+ 83. Kh3 Qf1+ 84. Kg3 Qg1+ $14) 82... Qxd7) 82. Ke3 Qg1+ 83. Kd3 $2 (83. Ke2 {mates} Qg2+ 84. Kd3 Qf1+ 85. Qe2 Qb1+ 86. Kc4 Qb6 87. Qd2+ Kg7 88. Qd4+ Qxd4+ 89. Kxd4) 83... Qd1+ 84. Kc4 Qc2+ $1 85. Kd5 Qf5+ $2 {[%mdl 8192]} (85... Qd3+ $11 86. Ke5 Qe3+ 87. Kd6 Qa3+ 88. Ke6 Qb3+ 89. Kf6 Qxf3+ 90. Ke6 Qb3+ 91. Kf6 (91. Kd6 Qb6+ 92. Kd5 Qb5+ 93. Ke6 Qb3+ 94. Kf6 Qf3+ 95. Ke5 Qe2+ 96. Kd6 Qa6+ 97. Ke5 Qe2+ 98. Kf6 Qf3+ $11) 91... Qf3+ 92. Ke6 Qb3+ 93. Kf6 (93. Kd6 Qb6+ 94. Ke5 Qb5+ 95. Kf4 Qf1+ 96. Kg4 Qg2+ 97. Kf4 Qf2+ 98. Ke5 Qe3+ 99. Kf6 Qf4+ 100. Ke6 Qc4+ 101. Ke5 Qe2+ 102. Kf6 Qf3+ $11) 93... Qf3+) 86. Kd6 Qd3+ 87. Kc7 Qc3+ 88. Kb7 (88. Kd8 $142 Qh8+ 89. Qe8 Qf6+ 90. Kc7 Qc3+ 91. Kb6 Qb4+ 92. Kc6 Qc3+ 93. Kd6 Qf6+ 94. Qe6 Qd4+ 95. Qd5 Qf6+ 96. Kc7 Qf4+ 97. Kc8 Qc1+ 98. Kd8) 88... Qxf3+ $18 89. Kb8 $1 Qb3+ 90. Kc8 Qc4+ $2 {[%mdl 8192] [#]} (90... Qc3+ $11 91. Kd8 Qh8+ 92. Qe8 Qf6+ 93. Qe7 Qh8+ 94. Qe8 Qf6+ 95. Qe7 Qh8+) 91. Kd8 $1 {White mates.} Qg8+ {[#]} 92. Qe8 $1 Qg7 93. Qe3+ {Accuracy: White = 70%, Black = 61%.} 1-0

[Event "EWCCC Online Final 2020"]
[Site "Online"]
[Date "2020.12.21"]
[Round "5.3"]
[White "Dzagnidze, Nana"]
[Black "Arabidze, Meri"]
[Result "1/2-1/2"]
[WhiteElo "2524"]
[BlackElo "2437"]
[Annotator "TA"]
[PlyCount "105"]
[EventDate "2020.12.19"]
[EventType "team-tourn"]
[EventCountry "NET"]
[SourceTitle "playchess.com"]
[Source "ChessBase"]
[SourceQuality "1"]

{[%evp 20,105,-10,-25,-7,-32,-28,-31,-34,-46,-48,-53,-26,-88,0,-153,-32,-24,-31,-37,-21,-19,-16,-16,-10,-14,-15,-19,-23,-45,-38,-51,-51,-73,-41,-35,-27,-40,-45,-66,-57,-75,0,-18,-24,-107,-10,-22,0,0,0,-30,0,0,0,0,-7,-98,0,-368,-365,-352,-109,-110,-105,-100,-32,-116,-87,-218,-216,-255,-215,-459,-426,-416,0,0,0,0,0,0,0,0,0,0,0,0]} 1. d4 Nf6 2. Nf3 e6 3. Bf4 d5 4. e3 Bd6 5. Bg3 c5 6. c3 Nc6 7. Nbd2 O-O 8. Bd3 b6 9. Ne5 Bb7 10. O-O Qc7 11. f4 Ne7 {D02: 1 d4 d5 2 Nf3 sidelines, including 2...Nf6 3 g3 and 2...Nf6 3 Bf4.} 12. Qb1 {12.Bh4 is becoming the main line.} g6 13. Bh4 Ne8 {Black is slightly better.} 14. g4 f6 15. Bg3 Ng7 {[#]} (15... fxe5 16. fxe5 Rxf1+ 17. Qxf1 $16) 16. h4 $146 (16. Nef3 $11 {remains equal.}) ({Predecessor:} 16. a4 a6 17. Ndf3 a5 18. Rf2 Ba6 19. Bc2 cxd4 20. exd4 b5 21. axb5 Bxb5 22. Qc1 {0-1 (65) Degtyaryov,S (2306)-Kolpak,S (2308) ICCF email 2018}) 16... Qc8 ({And not} 16... fxe5 17. fxe5 Rxf1+ 18. Qxf1 $16 (18. Bxf1 Bxe5 19. Bxe5 Qd7 $14)) (16... cxd4 $17 17. exd4 fxe5 18. fxe5 Ba3 $1 {[%mdl 512]}) 17. Nef3 $2 {[#]} (17. h5 $1 $11) 17... f5 (17... e5 $1 $17 18. fxe5 Qxg4) 18. g5 $15 Ba6 19. Rc1 Bxd3 20. Qxd3 c4 21. Qc2 b5 22. a4 a6 23. b4 a5 24. axb5 axb4 25. cxb4 Qb7 26. Ra5 Rxa5 27. bxa5 Qxb5 28. Be1 $1 Ra8 29. Ra1 Nc6 ({Of course not} 29... Rxa5 $6 30. Rxa5 Qxa5 31. Nxc4 $11) 30. Nb1 Bb4 ({But not} 30... Nxa5 31. Nc3 $11) (30... Bc7 $17) 31. Bxb4 Qxb4 32. a6 (32. Ra4 $11 Qb7 33. Qa2) 32... Nb8 (32... Qb6 $17 33. Qa2 Ne8) 33. Nc3 Rxa6 34. Rb1 Qf8 35. Ne5 Ra7 36. Qb2 Nd7 37. Nc6 Rc7 38. Qb5 (38. Ne5 $11) 38... Ne8 (38... Qa3 $17 39. Qa5 Qxa5 40. Nxa5 Ne8) 39. Nxd5 $2 {[%mdl 8192]} (39. Qa6 $11 Nd6 {[#]} 40. Nd8 $1 {[%mdl 512]}) 39... exd5 $19 40. Qxd5+ Kh8 $2 (40... Qf7 $19 {is more deadly.} 41. Kf1 Qxd5 42. Ne7+ Kf7 43. Nxd5 Ra7) 41. Qxc4 $17 Qd6 42. d5 Kg8 ({Better is} 42... h5 $17 43. Ra1 Kh7) 43. Qd4 (43. Qa2 $15) 43... Qc5 44. Qd3 (44. Qxc5 $17 {was called for.} Nxc5 45. Rb8) 44... Nd6 $19 45. Ne5 Ne4 46. Ra1 $2 (46. Qd4 {keeps fighting.}) 46... Nxe5 47. fxe5 Qc2 $2 (47... Rc8 $19 {White must now prevent ...Nc3.} 48. Rd1 Qb6) 48. Qxc2 $11 {The position is equal.} Rxc2 49. Ra8+ Kg7 50. Ra7+ Kg8 51. Ra8+ Kg7 52. Ra7+ Kg8 53. Ra8+ {Whites escaped into a draw.  Weighted Error Value: White=0.46/Black=0.34} 1/2-1/2

[Event "EWCCC Online Final 2020"]
[Site "Online"]
[Date "2020.12.21"]
[Round "5.3"]
[White "Javakhishvili, Lela"]
[Black "Goryachkina, Aleksandra"]
[Result "1/2-1/2"]
[WhiteElo "2473"]
[BlackElo "2593"]
[Annotator "TA"]
[PlyCount "84"]
[EventDate "2020.12.19"]
[EventType "team-tourn"]
[EventCountry "NET"]
[SourceTitle "playchess.com"]
[Source "ChessBase"]
[SourceQuality "1"]

{[%evp 11,84,27,26,8,19,30,43,32,53,8,34,24,41,-2,39,34,23,15,35,16,39,15,20,0,0,0,36,31,39,42,29,31,40,23,25,26,20,14,17,14,11,21,26,0,16,15,12,0,13,0,0,0,0,0,0,0,0,0,0,0,0,0,0,0,0,0,0,0,0,0,0,0,0,0,0]} 1. d4 d5 2. c4 c6 3. Nf3 Nf6 4. e3 Bf5 5. Nc3 e6 6. Nh4 Bg6 7. Be2 {D12: Slav Defence: 3 Nf3 Nf6 4 e3 Bf5.} Nbd7 8. O-O Bd6 9. g3 {White is slightly better.} Qe7 {[#]} 10. Re1 $146 ({Predecessor:} 10. Qb3 Rb8 11. Rd1 Ne4 12. cxd5 exd5 13. Nxe4 Bxe4 14. f3 Bg6 15. Bd3 O-O 16. Bd2 {1-0 (72) Caruana,F (2823)-Topalov,V (2760) Saint Louis 2016}) 10... O-O 11. Nxg6 hxg6 12. Bf1 Rad8 13. Qb3 Rb8 14. Bd2 Rfd8 15. Rad1 b5 16. cxd5 cxd5 17. Rc1 ({But not} 17. Nxb5 $2 a6 $19) 17... a6 18. Ne2 Rdc8 19. Ba5 g5 20. Rxc8+ Rxc8 21. Rc1 Qf8 22. Rxc8 Qxc8 23. Qc3 Qb7 24. Nc1 Ne4 25. Qc2 g4 26. Nd3 f5 27. a4 Ng5 {The position is equal.} 28. Be2 Nf6 29. axb5 axb5 30. Bd8 Nfe4 31. Bxg5 Nxg5 32. Qb3 b4 33. Qa4 Kh7 (33... Kf7 {feels hotter.} 34. Nc5 Qe7 35. Qb5 Kg6 36. Kg2 Kh7) 34. Qe8 {[#] Qh5+ is the strong threat.} Qf7 35. Qxf7 Nxf7 $11 {[%mdl 4096] Endgame KBN-KBN} 36. Bd1 Kg6 37. Kg2 Ng5 38. Ba4 Kf6 39. Bc6 Ke7 40. Ba4 Kf6 41. Bc6 Ke7 42. Ba4 Kf6 {Weighted Error Value: White=0.07/Black=0.07} 1/2-1/2

[Event "EWCCC Online Final 2020"]
[Site "Online"]
[Date "2020.12.21"]
[Round "5.3"]
[White "Socko, Monika"]
[Black "Mkrtchian, Lilit"]
[Result "0-1"]
[WhiteElo "2421"]
[BlackElo "2388"]
[Annotator "TA"]
[PlyCount "116"]
[EventDate "2020.12.19"]
[EventType "team-tourn"]
[EventCountry "NET"]
[SourceTitle "playchess.com"]
[Source "ChessBase"]
[SourceQuality "1"]

{[%evp 17,116,22,15,22,43,7,17,0,4,0,0,-16,8,2,5,9,4,-9,159,194,164,158,159,150,135,134,142,108,172,178,194,177,188,147,137,139,132,93,177,177,177,177,183,182,203,203,203,183,195,195,188,156,154,158,158,133,94,123,154,144,135,114,132,96,96,45,15,15,15,23,33,36,49,8,8,8,19,4,8,8,8,8,8,8,8,8,8,8,8,8,8,8,8,8,8,-29982,-29983,-29983,-29984,-29984,-29984]} 1. e4 c5 2. Nf3 Nc6 3. Bb5 g6 4. Bxc6 bxc6 5. O-O Bg7 6. Re1 Nh6 7. c3 O-O 8. d4 cxd4 9. cxd4 d5 10. e5 {B31: Sicilian: 2...Nc6 3 Bb5 g6.} f6 11. exf6 exf6 12. Nc3 {The position is equal. 12.Nbd2 is the modern continuation.} Re8 13. Rxe8+ Qxe8 {[#]} 14. Bf4 $146 ({Predecessor:} 14. h3 g5 15. Be3 g4 16. hxg4 Bxg4 17. Bxh6 Bxh6 18. Qd3 Qh5 19. Re1 Kh8 20. Re7 {1-0 (68) Stany,G (2522)-Praggnanandhaa,R (2608) chess.com INT 2020}) 14... Bg4 15. h3 Bxf3 16. Qxf3 Nf5 17. Rd1 Qe7 $2 {[#]} (17... Bf8 $11) 18. Nxd5 $1 $16 {[%mdl 512]} Qb7 (18... cxd5 19. Qxd5+) 19. Ne3 Nxe3 20. Bxe3 Rd8 21. b3 f5 22. Qe2 h5 (22... Qb5 $16 23. Qxb5 cxb5) 23. Bg5 $18 Rd5 24. Qe8+ Kh7 25. Re1 Qd7 26. Qxd7 Rxd7 $16 {[%mdl 4096] Endgame KRB-KRB} 27. Re6 Bxd4 (27... Rxd4 $16 28. Rxc6 Rd1+ 29. Kh2 Be5+ 30. g3 h4) 28. Rxc6 $18 Bb6 29. g3 Rd1+ 30. Kg2 Rb1 {Black wants to play ...Rb2.} 31. Rc2 Kg7 32. Re2 Kf7 33. Kf3 Rd1 34. Be3 Bxe3 35. Kxe3 $16 {KR-KR} h4 36. Rc2 hxg3 37. fxg3 Rd7 38. Kf4 Rd4+ 39. Kg5 {aiming for Rc7+.} Rd3 40. Rc7+ Ke6 {[#]} 41. Kf4 ({But not} 41. Rxa7 $6 Rxg3+ 42. Kf4 Rxh3 $11) (41. g4 $1 $16 Rxh3 42. gxf5+ (42. Rxa7 Rg3 $16) (42. Kxg6 fxg4 43. Kg5 g3 $11) 42... gxf5 43. Rxa7) 41... g5+ $1 $14 {[%mdl 64] Decoy} 42. Kxg5 {Threatens to win with Kf4.} Rxg3+ 43. Kf4 Rxh3 44. Rxa7 Rh4+ 45. Kf3 (45. Kg3 $5 {[%cal Rg3h4]} Rb4 46. Rc7 $16) 45... Rh3+ 46. Kg2 Rc3 47. b4 Kd5 48. b5 Rc2+ 49. Kf3 {Black must now prevent a4.} Rb2 50. a4 Rb4 $1 51. Ra6 {With the idea b6.} Kc5 52. Ke3 f4+ $1 53. Kf3 Kd5 54. b6 {Strongly threatening a5.} Kc6 55. a5 {Ra7 is the strong threat.} Kb7 $1 {[%cal Rb7a6]} 56. Ra8 $2 {[%mdl 8192]} (56. Ra7+ $11 Kb8 57. Kg4) 56... Kxa8 {Black mates.} 57. Kg4 Kb7 58. Kf3 Ra4 {Never resign too early!  Weighted Error Value: White=0.23/Black=0.14} 0-1